000 00275 a2200145 4500
001 181472
020 _a
040 _cMagnum
100 _aMurad, Jose Elias
240 1 0 _aMaconha
_lpor
245 1 0 _aMaconha
362 0 _a1899
697 _aMAGNITO: GERAL
942 _cBK
999 _c181472
_d181472